000 00305nam a22001337a 4500
020 _a978-184422-564-4
082 _a823
_bREA/D
100 _aREADER COLIN
245 _aTHE DETECTIVES
_bLITTLE RED TRACTOR
260 _aLONDON
_bLADY BIRD
300 _a29
650 _aENGLISH SHORT STORY
_zUK
942 _cBK
999 _c2171
_d2171